[Event "27th Klatovy B 2019"]
[Site "Klatovy CZE"]
[Date "2019.07.04"]
[Round "6.27"]
[White "Matejicek, Vojtech"]
[Black "Durchan, Milan 1961"]
[Result "0-1"]
[WhiteElo "1472"]
[BlackElo "1713"]
[PlyCount "172"]
[EventDate "2019.06.29"]
[EventType "swiss"]
[EventRounds "9"]
[EventCountry "CZE"]

1. d3 d5 2. Nf3 Nf6 3. g3 g6 4. Bg2 Bg7 5. Nbd2 O-O 6. O-O c6 7. c4 Nbd7 8. cxd5 Nxd5 9. Nc4 N7b6 10. Nxb6 Qxb6 11. e4 Nc7 12. Qe2 Ne6 13. Rb1 Nd4 14. Nxd4 Bxd4 15. Bg5 f6 16. Be3 e5 17. Bxd4 Qxd4 18. Qe3 Rd8 19. Rfd1 Bg4 20. Qxd4 Rxd4 21. f3 Be6 22. b3 Rad8 23. Bf1 a5 24. Kf2 R8d7 25. Rb2 Kf7 26. Ke3 Ke7 27. Rc1 Rb4 28. Rc3 Rdd4 29. Kd2 Kd6 30. Kc2 c5 31. Be2 Kc6 32. Bf1 Rd8 33. Kc1 Rbd4 34. Rbc2 b6 35. Kb2 Bc8 36. Kc1 Ba6 37. Kd2 Bb5 38. a4 Ba6 39. Ke3 Bc8 40. Be2 Be6 41. Bd1 Rb4 42. Rc1 f5 43. Rb1 Rbd4 44. Rbc1 fxe4 45. fxe4 Bh3 46. Bf3 Rf8 47. g4 Rd6 48. Rg1 h5 49. gxh5 gxh5 50. Bxh5 Rh8 51. Bf3 Rdh6 52. Rh1 Be6 53. Bd1 Rxh2 54. Rxh2 Rxh2 55. Bc2 b5 56. Bb1 Rb2 57. axb5+ Kxb5 58. Rc1 Bxb3 59. Kf3 a4 60. Kg4 Rf2 61. Kg3 Rd2 62. Kg4 a3 63. Kf5 a2 64. Bxa2 Bxa2 65. Kxe5 Rxd3 66. Kf6 Re3 67. e5 Bd5 68. Rb1+ Kc6 69. Rc1 c4 70. Rc2 Kc5 71. Kf5 Be4+ 72. Kf4 Bxc2 73. Kxe3 Kd5 74. e6 Kxe6 75. Kd4 Bb3 76. Kc3 Ke5 77. Kb4 Kd4 78. Ka3 Kd3 79. Kb2 Kd2 80. Ka1 Bc2 81. Kb2 c3+ 82. Ka1 Kc1 83. Ka2 Bd3 84. Kb3 c2 85. Kc3 Bh7 86. Kb3 Kb1 0-1

[Event "27th Klatovy B 2019"]
[Site "Klatovy CZE"]
[Date "2019.07.04"]
[Round "6.28"]
[White "Skuthan, Radek"]
[Black "Malik, Zdenek"]
[Result "1-0"]
[WhiteElo "1702"]
[BlackElo "1391"]
[PlyCount "73"]
[EventDate "2019.06.29"]
[EventType "swiss"]
[EventRounds "9"]
[EventCountry "CZE"]

1. d4 Nf6 2. c4 e6 3. Nc3 d5 4. cxd5 exd5 5. Bg5 Be7 6. e3 Bf5 7. Qb3 Nbd7 8. Nf3 b6 9. Nxd5 Nxd5 10. Qxd5 Be6 11. Bxe7 Bxd5 12. Bxd8 Rxd8 13. b3 O-O 14. Rc1 c5 15. dxc5 Nxc5 16. Bc4 Be4 17. O-O Bxf3 18. gxf3 Rd2 19. Rfd1 Rfd8 20. Rxd2 Rxd2 21. b4 Nd7 22. Bb3 Kf8 23. Rc8+ Ke7 24. Ra8 Ne5 25. Rxa7+ Rd7 26. Rxd7+ Nxd7 27. f4 f6 28. a4 Kd6 29. Kf1 h6 30. Ke2 Nb8 31. Kd3 Nd7 32. Ke4 Nf8 33. a5 bxa5 34. bxa5 Kc6 35. Bc4 Nd7 36. Kf5 Nf8 37. e4 1-0

[Event "27th Klatovy B 2019"]
[Site "Klatovy CZE"]
[Date "2019.07.04"]
[Round "6.29"]
[White "Malimanek, Marek"]
[Black "Sefrna, Frantisek"]
[Result "1/2-1/2"]
[WhiteElo "1408"]
[BlackElo "1700"]
[PlyCount "65"]
[EventDate "2019.06.29"]
[EventType "swiss"]
[EventRounds "9"]
[EventCountry "CZE"]

1. e4 e5 2. Nf3 Nc6 3. Bc4 Bc5 4. c3 Nf6 5. d4 exd4 6. e5 d5 7. Bb5 Ne4 8. cxd4 Bb4+ 9. Bd2 Nxd2 10. Nbxd2 O-O 11. O-O Bg4 12. Nb3 f6 13. Be2 Qd7 14. h3 Be6 15. Rc1 fxe5 16. Nxe5 Nxe5 17. dxe5 c6 18. Qd4 Be7 19. Nc5 Bxc5 20. Qxc5 Rf4 21. Rfe1 Bxh3 22. gxh3 Qxh3 23. Rc3 Qh4 24. Rg3 Raf8 25. Rg2 d4 26. Bc4+ Kh8 27. Rf1 Rd8 28. Bd3 Rg4 29. f3 Rxg2+ 30. Kxg2 Qg5+ 31. Kh3 Qh5+ 32. Kg3 Qg5+ 33. Kh3 1/2-1/2

[Event "27th Klatovy B 2019"]
[Site "Klatovy CZE"]
[Date "2019.07.04"]
[Round "6.30"]
[White "Sobr, Vaclav"]
[Black "Vavrousek, Petr"]
[Result "0-1"]
[WhiteElo "1498"]
[BlackElo "1686"]
[PlyCount "65"]
[EventDate "2019.06.29"]
[EventType "swiss"]
[EventRounds "9"]
[EventCountry "CZE"]

1. e4 e6 2. d4 d5 3. e5 c5 4. Nf3 Nc6 5. Be2 cxd4 6. O-O Bd7 7. Bf4 Qb6 8. b3 Nge7 9. c3 dxc3 10. Nxc3 Ng6 11. Be3 Qd8 12. Bd4 Nxd4 13. Qxd4 Be7 14. Bd3 O-O 15. Rad1 Rc8 16. Ne2 Bc5 17. Qg4 Be7 18. Nf4 Nxf4 19. Qxf4 Rc3 20. h4 Qa5 21. Ng5 Bxg5 22. Qxg5 h6 23. Qh5 Bb5 24. Bxb5 Qxb5 25. Rd4 Rc2 26. Rg4 Qe2 27. f3 Kh7 28. Rg3 g5 29. Qg4 Qxe5 30. f4 Qf5 31. Qxf5+ exf5 32. a4 Rg8 33. Rff3 0-1

[Event "27th Klatovy B 2019"]
[Site "Klatovy CZE"]
[Date "2019.07.04"]
[Round "6.31"]
[White "Boucek, Vlastimil 1968"]
[Black "Gacho, Ondrej"]
[Result "1-0"]
[WhiteElo "1629"]
[BlackElo "1384"]
[PlyCount "67"]
[EventDate "2019.06.29"]
[EventType "swiss"]
[EventRounds "9"]
[EventCountry "CZE"]

1. e4 e5 2. Nf3 Nc6 3. Bc4 Bc5 4. d3 h6 5. O-O Nf6 6. h3 O-O 7. c3 d5 8. exd5 Nxd5 9. b4 Be7 10. b5 Na5 11. Nxe5 Nxc4 12. dxc4 Nb6 13. Be3 Bf6 14. Bxb6 axb6 15. Ng4 Be7 16. Nd2 Qd3 17. Re1 Be6 18. Re3 Qd7 19. Ne5 Qd6 20. Qe2 Bf6 21. Nef3 Rfd8 22. Ne4 Qe7 23. Nxf6+ Qxf6 24. Nd4 Bd7 25. Re1 Ra4 26. Rf3 Qd6 27. Qe7 Qxe7 28. Rxe7 f6 29. Rd3 Bf5 30. Rg3 Bb1 31. Rgxg7+ Kh8 32. Rxc7 Bxa2 33. Rh7+ Kg8 34. Ne6 1-0

[Event "27th Klatovy B 2019"]
[Site "Klatovy CZE"]
[Date "2019.07.04"]
[Round "6.32"]
[White "Rychlik, Zdenek"]
[Black "Langmajerova, Jana"]
[Result "1/2-1/2"]
[WhiteElo "1721"]
[BlackElo "1336"]
[PlyCount "48"]
[EventDate "2019.06.29"]
[EventType "swiss"]
[EventRounds "9"]
[EventCountry "CZE"]

1. e4 c5 2. d4 cxd4 3. c3 dxc3 4. Nxc3 Nc6 5. Bc4 g6 6. Nf3 Bg7 7. O-O d6 8. h3 Nf6 9. Bg5 O-O 10. Re1 e5 11. Qd2 Qd7 12. Bh6 Rd8 13. Bxg7 Kxg7 14. Ng5 Rf8 15. Rad1 h6 16. Nf3 Rd8 17. Qe3 Qe7 18. Nd5 Nxd5 19. Bxd5 Nb4 20. Bb3 Be6 21. Bxe6 Qxe6 22. Qd2 Nc6 23. a3 Rd7 24. Nh2 Rad8 1/2-1/2

[Event "27th Klatovy B 2019"]
[Site "Klatovy CZE"]
[Date "2019.07.04"]
[Round "6.33"]
[White "Veverka, Vladimir"]
[Black "Rychtecky, Pavel"]
[Result "1-0"]
[WhiteElo "1439"]
[BlackElo "1630"]
[PlyCount "75"]
[EventDate "2019.06.29"]
[EventType "swiss"]
[EventRounds "9"]
[EventCountry "CZE"]

1. d4 Nf6 2. c4 e6 3. Nc3 Bb4 4. Bd2 b6 5. a3 Be7 6. Nf3 Bb7 7. e3 O-O 8. Be2 d6 9. O-O Nbd7 10. b4 c5 11. dxc5 dxc5 12. b5 Qc7 13. h3 Rad8 14. Qc2 Rfe8 15. Rfd1 Bd6 16. a4 Bf8 17. Qa2 e5 18. a5 e4 19. Nh2 Ne5 20. a6 Ba8 21. Be1 Bd6 22. Nf1 Ng6 23. Na4 Be5 24. Bc3 Rxd1 25. Rxd1 Rd8 26. Bxe5 Nxe5 27. Rxd8+ Qxd8 28. Qd2 Qe7 29. Ng3 g6 30. Nc3 h5 31. Qc2 Ned7 32. Bd1 Qe6 33. Be2 h4 34. Nf1 Nh7 35. Qd1 Ng5 36. Nh2 Kg7 37. Qd2 Kf6 38. Bg4 1-0

[Event "27th Klatovy B 2019"]
[Site "Klatovy CZE"]
[Date "2019.07.04"]
[Round "6.34"]
[White "Dobsa, Emma"]
[Black "Svec, Ludek"]
[Result "0-1"]
[WhiteElo "1325"]
[BlackElo "1620"]
[PlyCount "62"]
[EventDate "2019.06.29"]
[EventType "swiss"]
[EventRounds "9"]
[EventCountry "CZE"]

1. e4 c5 2. Nf3 e6 3. d4 cxd4 4. Nxd4 Nf6 5. Nc3 Nc6 6. Ndb5 Bb4 7. a3 Bxc3+ 8. Nxc3 d5 9. exd5 exd5 10. Bd3 O-O 11. O-O Bg4 12. f3 Qb6+ 13. Kh1 Be6 14. Bf4 d4 15. Ne2 Rad8 16. b3 Nd5 17. Bg3 Ne3 18. Qc1 Nxf1 19. Qxf1 f6 20. Nf4 Bf7 21. Bc4 Rd7 22. Ne6 Rc8 23. Qe2 Na5 24. Bc7 Rcxc7 25. Nxc7 Nxc4 26. Na8 Qe6 27. Qxc4 Qxc4 28. bxc4 Bxc4 29. Rd1 Kf8 30. Rb1 Ke7 31. Rb4 Ba6 0-1

[Event "27th Klatovy B 2019"]
[Site "Klatovy CZE"]
[Date "2019.07.04"]
[Round "6.35"]
[White "Martinkova, Magdalena"]
[Black "Privoznik, Lubos"]
[Result "0-1"]
[WhiteElo "1359"]
[BlackElo "1610"]
[PlyCount "40"]
[EventDate "2019.06.29"]
[EventType "swiss"]
[EventRounds "9"]
[EventCountry "CZE"]

1. e4 b6 2. d4 Bb7 3. Nc3 e6 4. Nf3 Nf6 5. e5 Nd5 6. Nxd5 Bxd5 7. c4 Bxf3 8. Qxf3 Bb4+ 9. Bd2 Bxd2+ 10. Kxd2 Nc6 11. Qe3 Qe7 12. Rd1 a5 13. Kc1 O-O 14. h4 f5 15. h5 h6 16. Rh3 Rf7 17. Rg3 f4 18. Qe4 fxg3 19. Bd3 Qg5+ 20. Kb1 Qf4 0-1

[Event "27th Klatovy B 2019"]
[Site "Klatovy CZE"]
[Date "2019.07.04"]
[Round "6.36"]
[White "Vavrinkova, Jitka"]
[Black "Barta, David"]
[Result "1/2-1/2"]
[WhiteElo "1566"]
[BlackElo "1411"]
[PlyCount "120"]
[EventDate "2019.06.29"]
[EventType "swiss"]
[EventRounds "9"]
[EventCountry "CZE"]

1. e4 e6 2. d4 d5 3. exd5 exd5 4. c4 c5 5. cxd5 Qxd5 6. Be3 cxd4 7. Qxd4 Nf6 8. Nc3 Qxd4 9. Bxd4 Be7 10. Nb5 Bb4+ 11. Bc3 Bxc3+ 12. bxc3 Kd8 13. Rd1+ Bd7 14. Nd6 Ke7 15. Nf3 Be6 16. Be2 Rd8 17. Nxb7 Rxd1+ 18. Bxd1 Bxa2 19. O-O Nbd7 20. Re1+ Kf8 21. Nd6 a5 22. Be2 Nd5 23. Bb5 N7f6 24. c4 Ne7 25. Ra1 Bb3 26. Nd4 Rd8 27. Nxb3 Rxd6 28. Nxa5 Rd8 29. Nb7 Rb8 30. Nd6 Nc8 31. Nxc8 Rxc8 32. Rd1 Rc7 33. f3 Re7 34. Rc1 Rc7 35. Kf2 Nd5 36. Re1 Nf6 37. g4 g5 38. Kg3 h6 39. f4 Ra7 40. Re3 Ra1 41. fxg5 Rg1+ 42. Kh3 hxg5 43. Rg3 Rc1 44. Re3 Rg1 45. Rg3 Re1 46. Rf3 Ne4 47. Rf5 f6 48. Rf3 Rg1 49. Bc6 Nc5 50. Rxf6+ Kg7 51. Rd6 Kh7 52. Bg2 Rc1 53. Bf3 Rxc4 54. Rc6 Rc3 55. Kg2 Na4 56. Rxc3 Nxc3 57. Kg3 Nb5 58. h4 Kh6 59. hxg5+ Kxg5 60. Bc6 Nd6 1/2-1/2

[Event "27th Klatovy B 2019"]
[Site "Klatovy CZE"]
[Date "2019.07.04"]
[Round "6.37"]
[White "Valdman, Jakub"]
[Black "Chmelik, Benedikt"]
[Result "1-0"]
[WhiteElo "1191"]
[BlackElo "1558"]
[PlyCount "55"]
[EventDate "2019.06.29"]
[EventType "swiss"]
[EventRounds "9"]
[EventCountry "CZE"]

1. e4 c5 2. Nf3 d6 3. d4 cxd4 4. Nxd4 Nf6 5. Nc3 g6 6. Be3 Bg7 7. Be2 Nc6 8. O-O O-O 9. Re1 a6 10. a4 Bd7 11. Qd2 Rc8 12. Ra3 Ng4 13. Bxg4 Bxg4 14. f3 Bd7 15. Nxc6 Bxc6 16. Rb3 Qd7 17. Nd5 Bxd5 18. Qxd5 Rc6 19. c3 Rb8 20. a5 Be5 21. Rd1 Kf8 22. Qxe5 dxe5 23. Rxd7 Ke8 24. Rbxb7 Rxb7 25. Rxb7 f5 26. Rb6 Rc4 27. exf5 gxf5 28. Rxa6 1-0

[Event "27th Klatovy B 2019"]
[Site "Klatovy CZE"]
[Date "2019.07.04"]
[Round "6.38"]
[White "Kotal, Vit"]
[Black "Bukvaj, Martin"]
[Result "1-0"]
[WhiteElo "1556"]
[BlackElo "1220"]
[PlyCount "53"]
[EventDate "2019.06.29"]
[EventType "swiss"]
[EventRounds "9"]
[EventCountry "CZE"]

1. e4 e5 2. Nf3 Nc6 3. Bc4 Nf6 4. d4 exd4 5. e5 d5 6. Bb5 Qe7 7. O-O Ne4 8. Bf4 g5 9. Nxd4 Bd7 10. Bxc6 bxc6 11. e6 gxf4 12. exd7+ Qxd7 13. Re1 Kd8 14. Nd2 Nxd2 15. Qxd2 Bd6 16. Qc3 Rg8 17. Nxc6+ Kc8 18. f3 h5 19. Nd4 h4 20. Qa5 c6 21. Re2 h3 22. Rae1 hxg2 23. c4 Bc7 24. Qa6+ Kb8 25. Nxc6+ Qxc6 26. Qxc6 Bb6+ 27. c5 1-0

[Event "27th Klatovy B 2019"]
[Site "Klatovy CZE"]
[Date "2019.07.04"]
[Round "6.39"]
[White "Vavrinkova, Marie"]
[Black "Beran, Jakub"]
[Result "0-1"]
[WhiteElo "1185"]
[BlackElo "1539"]
[PlyCount "64"]
[EventDate "2019.06.29"]
[EventType "swiss"]
[EventRounds "9"]
[EventCountry "CZE"]

1. e4 c5 2. Nf3 Nc6 3. d4 cxd4 4. Nxd4 d6 5. Nc3 g6 6. Be3 Bg7 7. Be2 Nf6 8. O-O O-O 9. h3 Bd7 10. Qd2 Rc8 11. Rae1 a6 12. f4 b5 13. a3 Qc7 14. f5 Qb7 15. Bd3 Ne5 16. Bf4 Nc4 17. Qc1 Nh5 18. Nde2 Qa7+ 19. Kh1 Nxf4 20. Rxf4 Bh6 21. Nd5 Bc6 22. Nb4 Ne5 23. Nxc6 Rxc6 24. Qd1 Bxf4 25. Nxf4 g5 26. Ne2 Rfc8 27. Nc3 h6 28. Qh5 Kg7 29. Nd5 e6 30. fxe6 fxe6 31. Nf6 Nxd3 32. cxd3 Qf2 0-1

[Event "27th Klatovy B 2019"]
[Site "Klatovy CZE"]
[Date "2019.07.04"]
[Round "6.40"]
[White "Berkovec, Josef"]
[Black "Novak, Rudolf"]
[Result "1-0"]
[WhiteElo "1380"]
[BlackElo "1499"]
[PlyCount "65"]
[EventDate "2019.06.29"]
[EventType "swiss"]
[EventRounds "9"]
[EventCountry "CZE"]

1. Nf3 d5 2. d4 Nf6 3. e3 g6 4. Bd3 Bg7 5. Nbd2 O-O 6. O-O Nbd7 7. c3 c5 8. Re1 c4 9. Bc2 b5 10. e4 dxe4 11. Nxe4 Bb7 12. Qe2 Re8 13. b3 e5 14. Nd6 Bxf3 15. Qxf3 Re6 16. Nxb5 Rb8 17. Na3 exd4 18. Rxe6 fxe6 19. Nxc4 dxc3 20. Bg5 Qc7 21. Re1 Qc5 22. Bxf6 Bxf6 23. Rxe6 Rf8 24. Qc6 Qg5 25. Qxd7 Rf7 26. Qd3 Rf8 27. g3 Rd8 28. Rd6 Rxd6 29. Nxd6 Qe5 30. Ne4 Be7 31. Nxc3 Qe1+ 32. Kg2 Bc5 33. Qd5+ 1-0

[Event "27th Klatovy B 2019"]
[Site "Klatovy CZE"]
[Date "2019.07.04"]
[Round "6.41"]
[White "Stastny, Simon"]
[Black "Skutil, Frantisek Elias"]
[Result "0-1"]
[WhiteElo "1474"]
[BlackElo "1106"]
[PlyCount "62"]
[EventDate "2019.06.29"]
[EventType "swiss"]
[EventRounds "9"]
[EventCountry "CZE"]

1. e4 c5 2. Nc3 g6 3. g3 Bg7 4. Bg2 Nc6 5. d3 d6 6. Nge2 Bg4 7. f3 Bd7 8. O-O e6 9. f4 Nge7 10. h3 O-O 11. Be3 Qb6 12. Bf2 f5 13. Rb1 Qc7 14. Nb5 Qb8 15. e5 dxe5 16. Bxc5 Rd8 17. Bd6 Qc8 18. Bxc6 Nxc6 19. Nc7 Rb8 20. Nxe6 Bxe6 21. Bxb8 Qxb8 22. a3 e4 23. Qd2 exd3 24. cxd3 Bc4 25. Nc1 Qd6 26. Rd1 Nd4 27. Qf2 Nc6 28. Qc2 Qd4+ 29. Qf2 Qd6 30. Qc2 Qd4+ 31. Qf2 Qd6 0-1

[Event "27th Klatovy B 2019"]
[Site "Klatovy CZE"]
[Date "2019.07.04"]
[Round "6.42"]
[White "Spackova, Martina 1992"]
[Black "Popov, Roman4"]
[Result "1-0"]
[WhiteElo "1688"]
[BlackElo "1239"]
[PlyCount "71"]
[EventDate "2019.06.29"]
[EventType "swiss"]
[EventRounds "9"]
[EventCountry "CZE"]

1. e4 c5 2. Nf3 e6 3. d4 cxd4 4. Nxd4 Nf6 5. Nc3 d6 6. Be2 Be7 7. Be3 a6 8. Bf3 Nbd7 9. Qe2 O-O 10. O-O-O Ne5 11. Rdg1 b5 12. g4 Bb7 13. g5 Nfd7 14. Bg2 Bxg5 15. f4 Bf6 16. fxe5 Nxe5 17. Bf3 Rc8 18. Rg2 Qc7 19. Bg5 Bxg5+ 20. Rxg5 Nxf3 21. Nxf3 f6 22. Rg3 b4 23. Nd1 Bxe4 24. Qxe4 Rfe8 25. Rhg1 Re7 26. Rh3 f5 27. Qd3 a5 28. Ng5 g6 29. Re1 e5 30. Ne3 Rg7 31. Ne6 Qe7 32. Nxg7 Qxg7 33. Nxf5 Qf6 34. Qd5+ Kh8 35. Nxd6 Rf8 36. Qxe5 1-0

[Event "27th Klatovy B 2019"]
[Site "Klatovy CZE"]
[Date "2019.07.04"]
[Round "6.43"]
[White "Vavrinek, Tomas"]
[Black "Veverkova, Dorota"]
[Result "1-0"]
[WhiteElo "1686"]
[BlackElo "1348"]
[PlyCount "65"]
[EventDate "2019.06.29"]
[EventType "swiss"]
[EventRounds "9"]
[EventCountry "CZE"]

1. d4 Nf6 2. Nf3 g6 3. c4 Bg7 4. Nc3 O-O 5. e4 d6 6. Be2 e5 7. dxe5 dxe5 8. Bg5 Qxd1+ 9. Rxd1 Re8 10. O-O Nc6 11. Nd5 Nxd5 12. cxd5 Nd4 13. Nxd4 exd4 14. Bd3 h6 15. Bh4 Bd7 16. Rc1 Rac8 17. f3 c5 18. b3 g5 19. Bg3 Be5 20. Bxe5 Rxe5 21. f4 Re7 22. fxg5 hxg5 23. Rf6 Kg7 24. Rcf1 b5 25. d6 Re6 26. Rxf7+ Kg8 27. Rxd7 c4 28. Rc1 c3 29. Rc7 Rxc7 30. dxc7 Rc6 31. Bxb5 Rxc7 32. Bc4+ Kg7 33. Kf2 1-0

[Event "27th Klatovy B 2019"]
[Site "Klatovy CZE"]
[Date "2019.07.04"]
[Round "6.44"]
[White "Cervenka, Jakub"]
[Black "Vasko, Pavel"]
[Result "1-0"]
[WhiteElo "1396"]
[BlackElo "1560"]
[PlyCount "63"]
[EventDate "2019.06.29"]
[EventType "swiss"]
[EventRounds "9"]
[EventCountry "CZE"]

1. e4 e5 2. Nf3 Nf6 3. Nxe5 d6 4. Nf3 Nxe4 5. d4 d5 6. Bd3 Nf6 7. Bg5 Be7 8. O-O O-O 9. Nc3 c6 10. Re1 h6 11. Bh4 Be6 12. Ne2 Bd6 13. Ne5 Nbd7 14. Nf4 Re8 15. Nxe6 Rxe6 16. Bf5 Nxe5 17. Bxe6 Ng6 18. Bxf6 Qxf6 19. Bh3 Nf4 20. Re3 Nxh3+ 21. Rxh3 Re8 22. Rf3 Qg6 23. Qd3 Qh5 24. h3 Qh4 25. Qf5 Qe7 26. Re3 Qd8 27. Rae1 Rf8 28. Qf3 f6 29. Qh5 Kh7 30. Re8 Qd7 31. Rxf8 g6 32. Rh8+ 1-0

[Event "27th Klatovy B 2019"]
[Site "Klatovy CZE"]
[Date "2019.07.04"]
[Round "6.45"]
[White "Pucholt, Martin"]
[Black "Havelkova, Beata"]
[Result "1-0"]
[WhiteElo "1555"]
[BlackElo "1316"]
[PlyCount "75"]
[EventDate "2019.06.29"]
[EventType "swiss"]
[EventRounds "9"]
[EventCountry "CZE"]

1. e4 c5 2. Nf3 d6 3. d4 cxd4 4. Nxd4 Nf6 5. Nc3 g6 6. g3 Bg7 7. Bg2 O-O 8. O-O Nc6 9. Nde2 Rb8 10. a4 a6 11. Nd5 b5 12. axb5 axb5 13. Bg5 Nxd5 14. exd5 Ne5 15. Nd4 Bd7 16. Re1 h6 17. Bc1 g5 18. b3 Qb6 19. Bb2 Rfc8 20. Kh1 Ng4 21. Kg1 Kf8 22. h3 Ne5 23. g4 Rb7 24. c3 Rbc7 25. Rc1 Ra8 26. Rc2 Bc8 27. Qe2 Rb8 28. Qe4 Kg8 29. Bf1 b4 30. c4 Ra8 31. Nc6 Nxc6 32. Bxg7 Kxg7 33. dxc6 Be6 34. Bg2 Rac8 35. Qd3 Qa7 36. Bd5 Bxd5 37. cxd5 Ra8 38. Rc4 1-0

[Event "27th Klatovy B 2019"]
[Site "Klatovy CZE"]
[Date "2019.07.04"]
[Round "6.46"]
[White "Kratochvil, Milos 1976"]
[Black "Skopkova, Marcela"]
[Result "0-1"]
[WhiteElo "1528"]
[BlackElo "1263"]
[PlyCount "96"]
[EventDate "2019.06.29"]
[EventType "swiss"]
[EventRounds "9"]
[EventCountry "CZE"]

1. e4 e5 2. Nf3 Nc6 3. d4 exd4 4. Bc4 h6 5. O-O Nf6 6. e5 Ne4 7. Re1 Be7 8. Bxf7+ Kxf7 9. Rxe4 Bc5 10. Nxd4 Nxd4 11. Rxd4 Bxd4 12. Qxd4 Re8 13. Be3 Qe7 14. f4 d6 15. Nc3 c6 16. Rf1 dxe5 17. fxe5+ Kg8 18. Bf4 Be6 19. Qd6 Rad8 20. Qxe7 Rxe7 21. Ne4 b6 22. a3 Red7 23. Nd6 g5 24. Be3 Rf8 25. Re1 Kg7 26. c3 Kg6 27. c4 h5 28. b3 h4 29. c5 bxc5 30. Bxc5 Rf4 31. Be3 Rf8 32. b4 g4 33. Bc5 Rf4 34. Be3 Rf8 35. Bc5 h3 36. g3 Rf3 37. a4 a6 38. a5 Rh7 39. Bb6 Rh5 40. Bc5 Rd3 41. Nc4 Bxc4 42. e6 Rd2 43. Bf2 Rh8 44. Re4 Rd1+ 45. Be1 Rf8 46. Rxg4+ Kh7 47. Rh4+ Kg7 48. Rg4+ Kh6 0-1

[Event "27th Klatovy B 2019"]
[Site "Klatovy CZE"]
[Date "2019.07.04"]
[Round "6.47"]
[White "Souralova, Venuse"]
[Black "Novy, Jan"]
[Result "0-1"]
[WhiteElo "1391"]
[BlackElo "1473"]
[PlyCount "54"]
[EventDate "2019.06.29"]
[EventType "swiss"]
[EventRounds "9"]
[EventCountry "CZE"]

1. c4 c6 2. Nf3 Nf6 3. g3 e6 4. Bg2 d5 5. cxd5 exd5 6. O-O Bd6 7. d3 O-O 8. Nc3 b5 9. Bg5 h6 10. Bxf6 Qxf6 11. Rc1 Bb7 12. a3 Na6 13. b4 Nc7 14. e3 a5 15. Qb3 axb4 16. axb4 Qe7 17. Nd4 g6 18. e4 Bxb4 19. exd5 Ra3 20. Rfe1 Rxb3 21. Rxe7 Rxc3 22. Rxc3 Bxe7 23. Nxc6 Bd6 24. Ne7+ Kg7 25. Be4 b4 26. Rc1 Kf6 27. f3 Kxe7 0-1

[Event "27th Klatovy B 2019"]
[Site "Klatovy CZE"]
[Date "2019.07.04"]
[Round "6.48"]
[White "Stross, Frantisek 1952"]
[Black "Konig, Vlastislav 1957"]
[Result "1/2-1/2"]
[WhiteElo "1458"]
[BlackElo "1630"]
[PlyCount "65"]
[EventDate "2019.06.29"]
[EventType "swiss"]
[EventRounds "9"]
[EventCountry "CZE"]

1. e4 e5 2. Nf3 Nc6 3. Bc4 Nf6 4. Nc3 Nxe4 5. Bxf7+ Kxf7 6. Nxe4 d5 7. Nc3 e4 8. Ng1 Qg5 9. g3 Bd6 10. d3 Qf5 11. dxe4 dxe4 12. Qd5+ Qxd5 13. Nxd5 Nd4 14. Ne3 Bd7 15. c3 Nc6 16. Bd2 Ne5 17. Rb1 Rhf8 18. Kd1 Nd3 19. Ke2 Kg8 20. f4 g5 21. Ng2 Bg4+ 22. Kf1 gxf4 23. Nxf4 Rae8 24. Be3 Nxf4 25. gxf4 Bxf4 26. Bxf4 Rxf4+ 27. Kg2 Bf3+ 28. Nxf3 exf3+ 29. Kg3 Ref8 30. Kf2 h5 31. h4 Rg4 32. Rbg1 Kh7 33. Rg3 1/2-1/2

[Event "27th Klatovy B 2019"]
[Site "Klatovy CZE"]
[Date "2019.07.04"]
[Round "6.49"]
[White "Vojir, Vaclav 2005"]
[Black "Jedlicka, Pavel"]
[Result "1-0"]
[WhiteElo "1337"]
[BlackElo "1445"]
[PlyCount "110"]
[EventDate "2019.06.29"]
[EventType "swiss"]
[EventRounds "9"]
[EventCountry "CZE"]

1. c4 g6 2. Nf3 Bg7 3. g3 e5 4. Nc3 c6 5. Bg2 f5 6. d3 d6 7. Bg5 Qc7 8. Qc2 Nd7 9. O-O Ngf6 10. b4 O-O 11. Rab1 h6 12. Bxf6 Nxf6 13. a4 f4 14. b5 Bf5 15. Nh4 Rac8 16. Nxf5 gxf5 17. Qb3 fxg3 18. fxg3 Ng4 19. c5+ d5 20. e4 Qe7 21. Kh1 Qxc5 22. exd5 Nf2+ 23. Rxf2 Qxf2 24. dxc6+ Kh8 25. cxb7 Rb8 26. a5 Qd4 27. a6 e4 28. Nd5 Qc5 29. Nf4 Rf6 30. dxe4 Rd6 31. exf5 Qxf5 32. Re1 Be5 33. Be4 Qg5 34. Qf7 Qg7 35. Ng6+ Rxg6 36. Bxg6 Qxf7 37. Bxf7 Bd6 38. Rc1 Kg7 39. Bd5 Kf6 40. b6 axb6 41. a7 Ke5 42. a8=Q Kxd5 43. Qxb8 Bxb8 44. Rc8 b5 45. Rxb8 Kc6 46. Rc8+ Kxb7 47. Rc1 Kb6 48. Rb1 Ka5 49. Kg2 b4 50. Kh3 Ka4 51. Kh4 b3 52. Kh5 Ka3 53. Kxh6 Ka2 54. Rxb3 Kxb3 55. g4 Kc4 1-0

[Event "27th Klatovy B 2019"]
[Site "Klatovy CZE"]
[Date "2019.07.04"]
[Round "6.50"]
[White "Filip, Petr 1952"]
[Black "Dolejs, Jakub"]
[Result "0-1"]
[WhiteElo "1324"]
[BlackElo "1434"]
[PlyCount "52"]
[EventDate "2019.06.29"]
[EventType "swiss"]
[EventRounds "9"]
[EventCountry "CZE"]

1. e4 e6 2. d4 d5 3. Bd3 Nf6 4. Bg5 Be7 5. Bxf6 Bxf6 6. e5 Be7 7. Nf3 c5 8. Bb5+ Nc6 9. O-O O-O 10. Bxc6 bxc6 11. c3 Qb6 12. b3 cxd4 13. cxd4 c5 14. a4 a5 15. Re1 cxd4 16. Ra2 Bb4 17. Nbd2 Ba6 18. Kh1 Rac8 19. Qa1 Bc3 20. Qb1 Rc7 21. Ng5 d3 22. Re3 Rfc8 23. Re1 Qxf2 24. Rc1 Bxd2 25. Rxd2 Qxd2 26. Nf3 Qxc1+ 0-1

[Event "27th Klatovy B 2019"]
[Site "Klatovy CZE"]
[Date "2019.07.04"]
[Round "6.51"]
[White "Zemanova, Nikola"]
[Black "Day, Sophia Olivia"]
[Result "1-0"]
[WhiteElo "1403"]
[BlackElo "1021"]
[PlyCount "57"]
[EventDate "2019.06.29"]
[EventType "swiss"]
[EventRounds "9"]
[EventCountry "CZE"]

1. d4 d5 2. c4 dxc4 3. Nc3 Nf6 4. Bf4 a6 5. a4 Bf5 6. e3 e6 7. Bxc4 Bb4 8. Nge2 Ne4 9. O-O Bxc3 10. Nxc3 O-O 11. Bd3 Ng5 12. Bxf5 exf5 13. Qb3 b6 14. Qd5 Qxd5 15. Nxd5 Ne6 16. Bxc7 Nxc7 17. Nxc7 Ra7 18. Rfc1 Rc8 19. Nd5 Rxc1+ 20. Rxc1 h6 21. Rc8+ Kh7 22. Rxb8 b5 23. a5 Rd7 24. Nb6 Rc7 25. Rc8 Re7 26. h3 Re6 27. d5 Rd6 28. Rc6 Rd8 29. d6 1-0

[Event "27th Klatovy B 2019"]
[Site "Klatovy CZE"]
[Date "2019.07.04"]
[Round "6.52"]
[White "Kasik, Denis"]
[Black "Kadlec, Rudolf"]
[Result "1/2-1/2"]
[WhiteElo "1208"]
[BlackElo "1400"]
[PlyCount "50"]
[EventDate "2019.06.29"]
[EventType "swiss"]
[EventRounds "9"]
[EventCountry "CZE"]

1. e4 d5 2. exd5 Nf6 3. d4 Nxd5 4. c4 Nb4 5. Qa4+ N8c6 6. a3 Na6 7. b4 Qxd4 8. Qc2 Ne5 9. Bb2 Qf4 10. g3 Nf3+ 11. Nxf3 Qxf3 12. Rg1 c6 13. Nd2 Bf5 14. Nxf3 Bxc2 15. Rc1 Bf5 16. c5 Nc7 17. Nd4 Bd7 18. Bg2 Nd5 19. b5 Rb8 20. Ba1 f6 21. a4 e5 22. Nb3 Be7 23. a5 a6 24. b6 O-O 25. Ke2 Be6 1/2-1/2

[Event "27th Klatovy B 2019"]
[Site "Klatovy CZE"]
[Date "2019.07.04"]
[Round "6.53"]
[White "Skutil, Frantisek"]
[Black "Veverka, Max"]
[Result "1-0"]
[WhiteElo "1681"]
[BlackElo "1000"]
[PlyCount "95"]
[EventDate "2019.06.29"]
[EventType "swiss"]
[EventRounds "9"]
[EventCountry "CZE"]

1. d4 d5 2. Nc3 Nf6 3. Bf4 c5 4. e3 cxd4 5. Qxd4 Nc6 6. Qd2 a6 7. Nf3 Bf5 8. a3 e6 9. Bd3 Bd6 10. Bxd6 Qxd6 11. h3 O-O 12. O-O Rac8 13. Rad1 d4 14. Bxf5 exf5 15. Nxd4 Rfd8 16. Nf3 Qe7 17. Qe2 f4 18. exf4 Qxe2 19. Nxe2 Rxd1 20. Rxd1 h6 21. Kf1 Ne7 22. Ned4 b5 23. Ne5 Rd8 24. Ke2 g5 25. fxg5 hxg5 26. c4 bxc4 27. Nxc4 Kg7 28. Ne6+ Kg6 29. Nxd8 Ned5 30. g3 Kf5 31. Nxf7 Ne7 32. Rd6 g4 33. hxg4+ Nxg4 34. Nh6+ Nxh6 35. Rxh6 a5 36. Rh5+ Kf6 37. Rxa5 Nf5 38. Rxf5+ Kxf5 39. g4+ Kxg4 40. a4 Kf5 41. a5 Ke6 42. a6 Kd5 43. a7 Kxc4 44. a8=Q Kb3 45. Qe4 Kxb2 46. Kd2 Ka1 47. Kc2 Ka2 48. Qa4# 1-0